AUTOMATED INSPECTION AND QUALITY ASSURANCE (Record no. 575285)
[ view plain ]
| 000 -LEADER | |
|---|---|
| fixed length control field | 00380nam a22001337a 4500 |
| 020 ## - INTERNATIONAL STANDARD BOOK NUMBER | |
| International Standard Book Number | 0-8247-8002-7 |
| 082 ## - DEWEY DECIMAL CLASSIFICATION NUMBER | |
| Classification number | 658.562 ROB'A |
| 100 ## - MAIN ENTRY--PERSONAL NAME | |
| Personal name | MILLER, RICHARD K, ROBINSON, STANLEY L |
| 9 (RLIN) | 67525 |
| 245 ## - TITLE STATEMENT | |
| Title | AUTOMATED INSPECTION AND QUALITY ASSURANCE |
| 260 ## - PUBLICATION, DISTRIBUTION, ETC. | |
| Place of publication, distribution, etc. | NEWYORK |
| Name of publisher, distributor, etc. | MARECL DEKKER |
| Date of publication, distribution, etc. | 1989 |
| 300 ## - PHYSICAL DESCRIPTION | |
| Extent | 256P |
| 650 ## - SUBJECT ADDED ENTRY--TOPICAL TERM | |
| Topical term or geographic name entry element | ENGINEERING INSPECTION AUTOMATION |
| 9 (RLIN) | 67526 |
| 942 ## - ADDED ENTRY ELEMENTS (KOHA) | |
| Koha item type | Book |
| Withdrawn status | Lost status | Source of classification or shelving scheme | Damaged status | Not for loan | Permanent Location | Current Location | Shelving location | Date acquired | Full call number | Barcode | Date last seen | Price effective from | Koha item type | Public note |
|---|---|---|---|---|---|---|---|---|---|---|---|---|---|---|
| College of Electrical & Mechanical Engineering (CEME) | College of Electrical & Mechanical Engineering (CEME) | General Stacks | 08/01/2017 | 658.562 ROB'A | CEME-27703 | 06/28/2021 | 06/28/2021 | Book | 1.6 |
